00586cca a2200181m 4500020001700000040000800017082002600025100001900051245006500070250001200135260003600147300003700183500003600220500009700256650000900353650001400362650002800376 a0834801086 : cHID0 a745 WEA 1975 A086 Or.1 aOka, Hideyuki,10aHow to wrap five more eggsbtraditional Japanese packaging / a1st ed. aNew York :bWeatherhill,c1975. a215 p. :bchiefly ill. ;c27 cm. aTranslation of Kokoro no zokei. aIssued in conjunction with an exhibition held at the Japan House Gallery, New York, 1975-76. 0aFood 0aPackaging 0aDecoration and ornament